La plasticité en souffrance (notice n° 1605912)

détails MARC
000 -LEADER
fixed length control field 01852cam a2200169 4500500
005 - DATE AND TIME OF LATEST TRANSACTION
control field 20251228095227.0
041 ## - LANGUAGE CODE
Language code of text/sound track or separate title fre
042 ## - AUTHENTICATION CODE
Authentication code dc
100 10 - MAIN ENTRY--PERSONAL NAME
Personal name Malabou, Catherine
Relator term author
245 00 - TITLE STATEMENT
Title La plasticité en souffrance
260 ## - PUBLICATION, DISTRIBUTION, ETC.
Date of publication, distribution, etc. 2005.<br/>
500 ## - GENERAL NOTE
General note 75
520 ## - SUMMARY, ETC.
Summary, etc. RésuméÀ partir de l’étude du concept de plasticité, découvert dans la pensée de Hegel et qui signifie à la fois la réception et la prise de forme, on tente de caractériser ici le gothique comme la « forme » du siècle. Par forme, il faut entendre ici « ce qui donne forme au siècle », comme une sorte de moule symbolique et conceptuel, mais aussi comme « ce que le siècle forme » : l’esprit du temps si l’on veut, son outil herméneutique privilégié, son schème moteur. On se demande également, à partir de là, ce que signifie une telle forme lorsqu’elle demande à être reconnue, appréhendée comme motif historique directeur d’un temps et d’une culture donnés.
520 ## - SUMMARY, ETC.
Summary, etc. From the study of the concept of plasticity, discovered in Hegel’s works and which means both the reception and the taking of form, the author tries here to characterize the gothic as the « form » of the century. By form, one must understand « what gives form to the century », as a sort of symbolic and conceptual mould, as well as « what the century forms » : in other words the spirit of the time, its favourite hermeneutic tool, the mainspring of its design. One also wonders what such a form signifies when it wants to be recognized, understood as a historical pattern, driving force of a certain time and culture.
786 0# - DATA SOURCE ENTRY
Note Sociétés & Représentations | 20 | 2 | 2005-09-01 | p. 31-39 | 1262-2966
856 41 - ELECTRONIC LOCATION AND ACCESS
Uniform Resource Identifier <a href="https://shs.cairn.info/revue-societes-et-representations-2005-2-page-31?lang=fr&redirect-ssocas=7080">https://shs.cairn.info/revue-societes-et-representations-2005-2-page-31?lang=fr&redirect-ssocas=7080</a>

Pas d'exemplaire disponible.

PLUDOC

PLUDOC est la plateforme unique et centralisée de gestion des bibliothèques physiques et numériques de Guinée administré par le CEDUST. Elle est la plus grande base de données de ressources documentaires pour les Étudiants, Enseignants chercheurs et Chercheurs de Guinée.

Adresse

627 919 101/664 919 101

25 boulevard du commerce
Kaloum, Conakry, Guinée

Réseaux sociaux

Powered by Netsen Group @ 2025